Uplatnenie špecifických daní vo svete
Charakteristika a klasifikácia klasických foriem zdanenia vo svete. Uplatnenie zvláštnych daní vo svete - výsledky prieskumu. Luxusné dane - dane z bohatstva. Zdanenie nezdravých potravín. Zdanenie internetu a ostatných produktov informačných technológií. Špecifické ekologické dane. Ostatné zvláštne...
Guardado en:
| Autor principal: | |
|---|---|
| Formato: | Capítulo de libro |
| Lenguaje: | eslovaco |
| Materias: | |
| Etiquetas: |
Sin Etiquetas, Sea el primero en etiquetar este registro!
|
MARC
| LEADER | 00000naa$a2200000$$$4500 | ||
|---|---|---|---|
| 001 | 0204457 | ||
| 005 | 20240502073419.9 | ||
| 041 | 0 | |a slo | |
| 044 | |a SK | ||
| 245 | 1 | 0 | |a Uplatnenie špecifických daní vo svete |c Gizela Lénártová |
| 520 | |a Charakteristika a klasifikácia klasických foriem zdanenia vo svete. Uplatnenie zvláštnych daní vo svete - výsledky prieskumu. Luxusné dane - dane z bohatstva. Zdanenie nezdravých potravín. Zdanenie internetu a ostatných produktov informačných technológií. Špecifické ekologické dane. Ostatné zvláštne, kuriózne dane. | ||
| 610 | 2 | 0 | |a dane |
| 610 | 2 | 0 | |a dane z príjmov |
| 610 | 2 | 0 | |a dane ekologické |
| 610 | 2 | 0 | |a dane spotrebné |
| 610 | 2 | 0 | |a dane z hodnoty pridanej |
| 610 | 2 | 0 | |a majetok |
| 610 | 2 | 0 | |a bohatstvo |
| 610 | 2 | 0 | |a internet |
| 610 | 2 | 0 | |a technológie informačné |
| 610 | 2 | 0 | |a potraviny |
| 100 | 1 | |a Lénártová, Gizela | |